| Registos Bibliográficos associados ao registo de autoridade |
|
Etiqueta de registo: 00254nam 2200025 450 001 2286378 003 http://id.bnportugal.gov.pt/bib/catbnp/2286378 010 ## $a978-989-35349-0-8 021 ## $aPT$b521426/23 100 ## $a20260515d2023 m y0pory01030103ba 101 0# $apor 102 ## $aPT 105 ## $aa z 000yy 106 ## $ar 200 1# $aBombeiros Voluntários do Concelho de Óbidos$econtributos para a monografia$fIsaque Vicente, Carlos Ribeiro, José Machado 210 #9 $aÓbidos$cAssociação Humanitária de Bombeiros Voluntários do Concelho de Óbidos,$d2023 215 ## $a202 p. $cil.$d21 cm 700 #1 $aVicente,$bIsaque$31833948 701 #1 $915$aVicente,$bIsaque$4070$31998526 701 #1 $917$aMachado,$bJosé$4070$31998528 801 #0 $aPT$bBN$gRPC 966 ## $lBN$mFGMON$x1 966 ## $lBN$mFGMON$x1 971 ## $casantos$d20260515
Etiqueta de registo: 00254nam 2200025 450 001 2091330 003 http://id.bnportugal.gov.pt/bib/catbnp/2091330 021 ## $aPT$b489960/21 100 ## $a20220203d2021 m d0pory01030103ba 101 0# $apor 102 ## $aPT 105 ## $aa z 000yy 106 ## $ar 200 1# $a O Batalhão de Ciclistas nº 2 nas Caldas da Rainha$fIsaque Vicente, Mário Lino 210 #9 $aCaldas da Rainha$cCâmara Municipal das Caldas da Rainha$cMuseu de Ciclismo$cGazeta das Caldas,$dD.L. 2021 215 ## $a68 p.$cil.$d21 cm 675 ## $a356.1(469.325)"1926/1927"(091)$vBN$zpor$31834673 675 ## $a656.18$vBN$zpor$31794113 700 #1 $aVicente,$bIsaque$31833948 701 #1 $aLino,$bMário,$f1947-$4070$3551733 801 #0 $aPT$bBN$gRPC 856 41 $uhttp://rnod.bnportugal.gov.pt/ImagesBN/winlibimg.aspx?skey=&doc=2091330&img=160832&save=true 900 ## $aBIBNAC$d20220214 966 ## $lBN$mFGMON$sS.C. 157288 V.$x1 966 ## $lBN$mFGMON$sS.C. 157288 V.-D$x1 971 ## $corlando$d20220203 972 ## $e2$d20220214$vmsebas 973 ## $cmlsousa$d20220209 974 ## $e0$d20220214$vaalmeid
|
|
|